Federal fiscal policy in the postwar recessions / (Registro nro. 12816)

Detalles MARC
000 -LEADER
fixed length control field 01097pam a2200241 i 4500
003 - CONTROL NUMBER IDENTIFIER
control field OSt
005 - DATE AND TIME OF LATEST TRANSACTION
control field 20211207153823.0
008 - FIXED-LENGTH DATA ELEMENTS--GENERAL INFORMATION
fixed length control field 800108r1980 ctua b 001 0 eng
040 ## - CATALOGING SOURCE
Original cataloging agency DLC
Transcribing agency CO-JMCR
041 0# - LANGUAGE CODE
Language code of text/sound track or separate title eng
082 04 - DEWEY DECIMAL CLASSIFICATION NUMBER
Classification number 336.73 /
Item number L673f
Edition number 23
100 1# - MAIN ENTRY--PERSONAL NAME
Personal name Lewis, Wilfred.
9 (RLIN) 41785
245 10 - TITLE STATEMENT
Title Federal fiscal policy in the postwar recessions /
Statement of responsibility, etc. Wilfred Lewis, Jr.
260 ## - PUBLICATION, DISTRIBUTION, ETC.
Place of publication, distribution, etc. Westport, Conn. :
Name of publisher, distributor, etc. Greenwood Press,
Date of publication, distribution, etc. 1962.
300 ## - PHYSICAL DESCRIPTION
Extent xv, 311 pages :
Other physical details Illustrations and graphics in black and white. ;
Dimensions 24 cm.
500 ## - GENERAL NOTE
General note Reprint of the ed. published by Brookings Institution, Washington in series: Studies of government finance.
504 ## - BIBLIOGRAPHY, ETC. NOTE
Bibliography, etc. note Includes bibliographical references and index.
505 0# - FORMATTED CONTENTS NOTE
Formatted contents note Fiscal effects of the built-in stabilizers. -- The economic significance of built-in stabilizers. -- Recession and recovery, 1948-1950. -- Recession and recovery, 1953-1955. -- Recession and recovery, 1960-1960.
650 14 - SUBJECT ADDED ENTRY--TOPICAL TERM
Topical term or geographic name entry element Fiscal policy
Geographic subdivision United States.
9 (RLIN) 41786
650 24 - SUBJECT ADDED ENTRY--TOPICAL TERM
Topical term or geographic name entry element Fiscal effects
9 (RLIN) 41787
830 #0 - SERIES ADDED ENTRY--UNIFORM TITLE
Uniform title Studies of government finance.
9 (RLIN) 22966
942 ## - ADDED ENTRY ELEMENTS (KOHA)
Source of classification or shelving scheme Dewey Decimal Classification
Koha item type Books
Existencias
Withdrawn status Lost status Source of classification or shelving scheme Damaged status Not for loan Home library Current library Shelving location Date acquired Source of acquisition Full call number Barcode Date last seen Copy number Price effective from Koha item type
    Dewey Decimal Classification     Biblioteca Pública José María del Castillo y Rada Biblioteca Pública José María del Castillo y Rada General Stacks 04/15/2018 Donación 336.73 / L673f 430004271 05/16/2024 Ej.1 03/10/2021 Books